<?xml version="1.0" encoding="UTF-8"?>
<record
    xmlns:xsi="http://www.w3.org/2001/XMLSchema-instance"
    xsi:schemaLocation="http://www.loc.gov/MARC21/slim http://www.loc.gov/standards/marcxml/schema/MARC21slim.xsd"
    xmlns="http://www.loc.gov/MARC21/slim">

  <leader>00591nam a22002177a 4500</leader>
  <controlfield tag="003">OSt</controlfield>
  <controlfield tag="005">20260616121207.0</controlfield>
  <controlfield tag="008">260616b        |||||||| |||| 00| 0 eng d</controlfield>
  <datafield tag="020" ind1=" " ind2=" ">
    <subfield code="a">9781524991852</subfield>
  </datafield>
  <datafield tag="040" ind1=" " ind2=" ">
    <subfield code="c">Chuka University Library </subfield>
  </datafield>
  <datafield tag="050" ind1=" " ind2=" ">
    <subfield code="a">QE 26.3 .G57 2019 </subfield>
  </datafield>
  <datafield tag="100" ind1=" " ind2=" ">
    <subfield code="a">Girard Dusty</subfield>
    <subfield code="9">29385</subfield>
  </datafield>
  <datafield tag="245" ind1=" " ind2=" ">
    <subfield code="a">Investigating Earth Science </subfield>
  </datafield>
  <datafield tag="250" ind1=" " ind2=" ">
    <subfield code="a">2nd Ed.</subfield>
  </datafield>
  <datafield tag="260" ind1=" " ind2=" ">
    <subfield code="a">Westmark</subfield>
    <subfield code="b">Kendall Hunt </subfield>
    <subfield code="c">2029</subfield>
  </datafield>
  <datafield tag="300" ind1=" " ind2=" ">
    <subfield code="a">145p</subfield>
    <subfield code="b">Coloured Illustrations</subfield>
  </datafield>
  <datafield tag="650" ind1=" " ind2=" ">
    <subfield code="a">Earth Science </subfield>
    <subfield code="9">20385</subfield>
  </datafield>
  <datafield tag="650" ind1=" " ind2=" ">
    <subfield code="a">Geology </subfield>
    <subfield code="9">15672</subfield>
  </datafield>
  <datafield tag="650" ind1=" " ind2=" ">
    <subfield code="a">Earth Science </subfield>
    <subfield code="9">20385</subfield>
  </datafield>
  <datafield tag="942" ind1=" " ind2=" ">
    <subfield code="2">lcc</subfield>
    <subfield code="c">BK</subfield>
    <subfield code="n">0</subfield>
  </datafield>
  <datafield tag="952" ind1=" " ind2=" ">
    <subfield code="0">0</subfield>
    <subfield code="1">0</subfield>
    <subfield code="2">lcc</subfield>
    <subfield code="4">0</subfield>
    <subfield code="7">0</subfield>
    <subfield code="8">LGL</subfield>
    <subfield code="a">CHK</subfield>
    <subfield code="b">CHK</subfield>
    <subfield code="c">GEN</subfield>
    <subfield code="d">2026-06-16</subfield>
    <subfield code="e">Donations from books for Africa</subfield>
    <subfield code="g">1677.00</subfield>
    <subfield code="l">0</subfield>
    <subfield code="o">QE 26.3 .G57 2019 </subfield>
    <subfield code="p">34889/2026</subfield>
    <subfield code="r">2026-06-16 12:18:47</subfield>
    <subfield code="t">C3.</subfield>
    <subfield code="w">2026-06-16</subfield>
    <subfield code="y">BK</subfield>
  </datafield>
  <datafield tag="952" ind1=" " ind2=" ">
    <subfield code="0">0</subfield>
    <subfield code="1">0</subfield>
    <subfield code="2">lcc</subfield>
    <subfield code="4">0</subfield>
    <subfield code="7">0</subfield>
    <subfield code="8">LGL</subfield>
    <subfield code="a">CHK</subfield>
    <subfield code="b">CHK</subfield>
    <subfield code="c">GEN</subfield>
    <subfield code="d">2026-06-16</subfield>
    <subfield code="e">Donations from books for Africa</subfield>
    <subfield code="g">1677.00</subfield>
    <subfield code="l">0</subfield>
    <subfield code="o">QE 26.3 .G57 2019 </subfield>
    <subfield code="p">34888/2026</subfield>
    <subfield code="r">2026-06-16 12:18:47</subfield>
    <subfield code="t">C2</subfield>
    <subfield code="w">2026-06-16</subfield>
    <subfield code="y">BK</subfield>
  </datafield>
  <datafield tag="952" ind1=" " ind2=" ">
    <subfield code="0">0</subfield>
    <subfield code="1">0</subfield>
    <subfield code="2">lcc</subfield>
    <subfield code="4">0</subfield>
    <subfield code="7">0</subfield>
    <subfield code="8">LGL</subfield>
    <subfield code="a">CHK</subfield>
    <subfield code="b">CHK</subfield>
    <subfield code="c">GEN</subfield>
    <subfield code="d">2026-06-16</subfield>
    <subfield code="e">Donations from books for Africa</subfield>
    <subfield code="g">1677.00</subfield>
    <subfield code="l">0</subfield>
    <subfield code="o">QE 26.3 .G57 2019 </subfield>
    <subfield code="p">34887/2026</subfield>
    <subfield code="r">2026-06-16 12:18:47</subfield>
    <subfield code="t">C1</subfield>
    <subfield code="w">2026-06-16</subfield>
    <subfield code="y">BK</subfield>
  </datafield>
  <datafield tag="952" ind1=" " ind2=" ">
    <subfield code="0">0</subfield>
    <subfield code="1">0</subfield>
    <subfield code="2">lcc</subfield>
    <subfield code="4">0</subfield>
    <subfield code="7">0</subfield>
    <subfield code="8">LGL</subfield>
    <subfield code="a">CHK</subfield>
    <subfield code="b">CHK</subfield>
    <subfield code="c">GEN</subfield>
    <subfield code="d">2026-06-16</subfield>
    <subfield code="e">Donations from books for Africa</subfield>
    <subfield code="g">1677.00</subfield>
    <subfield code="l">0</subfield>
    <subfield code="o">QE 26.3 .G57 2019 </subfield>
    <subfield code="p">34886/2026</subfield>
    <subfield code="r">2026-06-16 12:18:47</subfield>
    <subfield code="t">C10</subfield>
    <subfield code="w">2026-06-16</subfield>
    <subfield code="y">BK</subfield>
  </datafield>
  <datafield tag="952" ind1=" " ind2=" ">
    <subfield code="0">0</subfield>
    <subfield code="1">0</subfield>
    <subfield code="2">lcc</subfield>
    <subfield code="4">0</subfield>
    <subfield code="7">0</subfield>
    <subfield code="8">LGL</subfield>
    <subfield code="a">CHK</subfield>
    <subfield code="b">CHK</subfield>
    <subfield code="c">GEN</subfield>
    <subfield code="d">2026-06-16</subfield>
    <subfield code="e">Donations from books for Africa</subfield>
    <subfield code="g">1677.00</subfield>
    <subfield code="l">0</subfield>
    <subfield code="o">QE 26.3 .G57 2019 </subfield>
    <subfield code="p">34885/2026</subfield>
    <subfield code="r">2026-06-16 12:18:47</subfield>
    <subfield code="t">C9</subfield>
    <subfield code="w">2026-06-16</subfield>
    <subfield code="y">BK</subfield>
  </datafield>
  <datafield tag="952" ind1=" " ind2=" ">
    <subfield code="0">0</subfield>
    <subfield code="1">0</subfield>
    <subfield code="2">lcc</subfield>
    <subfield code="4">0</subfield>
    <subfield code="7">0</subfield>
    <subfield code="8">LGL</subfield>
    <subfield code="a">CHK</subfield>
    <subfield code="b">CHK</subfield>
    <subfield code="c">GEN</subfield>
    <subfield code="d">2026-06-16</subfield>
    <subfield code="e">Donations from books for Africa</subfield>
    <subfield code="g">1677.00</subfield>
    <subfield code="l">0</subfield>
    <subfield code="o">QE 26.3 .G57 2019 </subfield>
    <subfield code="p">34884/2026</subfield>
    <subfield code="r">2026-06-16 12:18:47</subfield>
    <subfield code="t">C5</subfield>
    <subfield code="w">2026-06-16</subfield>
    <subfield code="y">BK</subfield>
  </datafield>
  <datafield tag="952" ind1=" " ind2=" ">
    <subfield code="0">0</subfield>
    <subfield code="1">0</subfield>
    <subfield code="2">lcc</subfield>
    <subfield code="4">0</subfield>
    <subfield code="7">0</subfield>
    <subfield code="8">LGL</subfield>
    <subfield code="a">CHK</subfield>
    <subfield code="b">CHK</subfield>
    <subfield code="c">GEN</subfield>
    <subfield code="d">2026-06-16</subfield>
    <subfield code="e">Donations from books for Africa</subfield>
    <subfield code="g">1677.00</subfield>
    <subfield code="l">0</subfield>
    <subfield code="o">QE 26.3 .G57 2019 </subfield>
    <subfield code="p">34883/2026</subfield>
    <subfield code="r">2026-06-16 12:18:47</subfield>
    <subfield code="t">C4</subfield>
    <subfield code="w">2026-06-16</subfield>
    <subfield code="y">BK</subfield>
  </datafield>
  <datafield tag="952" ind1=" " ind2=" ">
    <subfield code="0">0</subfield>
    <subfield code="1">0</subfield>
    <subfield code="2">lcc</subfield>
    <subfield code="4">0</subfield>
    <subfield code="7">0</subfield>
    <subfield code="8">LGL</subfield>
    <subfield code="a">CHK</subfield>
    <subfield code="b">CHK</subfield>
    <subfield code="c">GEN</subfield>
    <subfield code="d">2026-06-16</subfield>
    <subfield code="e">Donations from books for Africa</subfield>
    <subfield code="g">1677.00</subfield>
    <subfield code="l">0</subfield>
    <subfield code="o">QE 26.3 .G57 2019 </subfield>
    <subfield code="p">34882/2026</subfield>
    <subfield code="r">2026-06-16 12:18:47</subfield>
    <subfield code="t">C6</subfield>
    <subfield code="w">2026-06-16</subfield>
    <subfield code="y">BK</subfield>
  </datafield>
  <datafield tag="952" ind1=" " ind2=" ">
    <subfield code="0">0</subfield>
    <subfield code="1">0</subfield>
    <subfield code="2">lcc</subfield>
    <subfield code="4">0</subfield>
    <subfield code="7">0</subfield>
    <subfield code="8">LGL</subfield>
    <subfield code="a">CHK</subfield>
    <subfield code="b">CHK</subfield>
    <subfield code="c">GEN</subfield>
    <subfield code="d">2026-06-16</subfield>
    <subfield code="e">Donations from books for Africa</subfield>
    <subfield code="g">1677.00</subfield>
    <subfield code="l">0</subfield>
    <subfield code="o">QE 26.3 .G57 2019 </subfield>
    <subfield code="p">34881/2026</subfield>
    <subfield code="r">2026-06-16 12:18:47</subfield>
    <subfield code="t">C8</subfield>
    <subfield code="w">2026-06-16</subfield>
    <subfield code="y">BK</subfield>
  </datafield>
  <datafield tag="952" ind1=" " ind2=" ">
    <subfield code="0">0</subfield>
    <subfield code="1">0</subfield>
    <subfield code="2">lcc</subfield>
    <subfield code="4">0</subfield>
    <subfield code="7">0</subfield>
    <subfield code="8">LGL</subfield>
    <subfield code="a">CHK</subfield>
    <subfield code="b">CHK</subfield>
    <subfield code="c">GEN</subfield>
    <subfield code="d">2026-06-16</subfield>
    <subfield code="e">Donations from books for Africa</subfield>
    <subfield code="g">1677.00</subfield>
    <subfield code="l">0</subfield>
    <subfield code="o">QE 26.3 .G57 2019 </subfield>
    <subfield code="p">34880/2026</subfield>
    <subfield code="r">2026-06-16 12:18:47</subfield>
    <subfield code="t">C7</subfield>
    <subfield code="w">2026-06-16</subfield>
    <subfield code="y">BK</subfield>
  </datafield>
  <datafield tag="999" ind1=" " ind2=" ">
    <subfield code="c">24375</subfield>
    <subfield code="d">24375</subfield>
  </datafield>
</record>
